Music Artists by Song - L - Statistics

General Stats
  • This quiz has been taken 105 times
    51 since last reset
  • The average score is 13 of 28
Answer Stats
Songs Artist % Correct
Die With A Smile / Abracadabra / Poker Face Lady Gaga
94%
Party Rock Anthem / Sexy And I Know It / Shots LMFAO
81%
Ribs / What Was That / Royals Lorde
81%
Stairway to Heaven / Immigrant Song / Whole Lotta Love Led Zeppelin
78%
In the End / Numb / The Emptiness Machine Linkin Park
78%
Sweet Home Alabama / Simple Man / Free Bird Lynyrd Skynyrd
78%
What A Wonderful World / La vie en rose / Cheek To Cheek Louis Armstrong
75%
Summertime Sadness / Young and Beautiful / Cinnamon Girl Lana Del Rey
72%
INDUSTRY BABY / MONTERO / Old Town Road Lil Nas X
72%
About Damn Time / 2 Be Loved (Am I Ready) / Truth Hurts Lizzo
72%
Someone You Loved / Before You Go / Bruises Lewis Capaldi
63%
Ho Hey / Ophelia / Stubborn Love The Lumineers
56%
Doo Wop / Ex-Factor / Can't Take My Eyes Off of You Lauryn Hill
44%
Love Me / She Will / Lollipop Lil Wayne
44%
Black Magic / Love Me Like You / Secret Love Song Little Mix
41%
Messy / One Thing / Conceited Lola Young
38%
Lucid Dreams / 20 Min / XO Tour Llif3 Lil Uzi Vert
34%
Smile / Not Fair / LDN Lily Allen
34%
I Like Me Better / Mean It / MAD Lauv
31%
You Don't Own Me / Misty / It's My Party Lesley Gore
31%
Break Stuff / Rollin' / Take A Look Around Limp Bizkit
28%
From The Start / Falling Behind / Promise Laufey
22%
The Night We Met / Ends of the Earth / Meet Me In The Woods Lord Huron
22%
Tonight (I'm Fuckin' You) / Act A Fool / What's Your Fantasy Ludacris
19%
Mount Everest / All For Us / Formula Labrinth
16%
Tell Ur Girlfriend / Ick / Sloppy Seconds Lay Bankz
9%
Scotty Doesn't Know / Standing at Your Grave / Sniffing Cigarettes Lustra
6%
WE PRAY / Free / Young Little Simz
3%
No matching quizzes found
Score Distribution
Percent of People with Each Score
Percentile by Number Answered
Your Score History
You have not taken this quiz since the last reset